000 00947nam a22002535i 4500
001 176594
003 ES-MaACL
005 20251115063319.0
008 110125s1955 sp a |||| | spa d
080 _a821.134.2-22"19"
100 1 _aMuñoz Seca, Pedro,
_d1881-1936
_984499
245 1 3 _aUn drama de Calderón
_b: juguete cómico en dos actos /
_coriginal de Pedro Muñoz Seca y Pedro Pérez Fernández.
260 _aMadrid :
_b[s. n.,
_c1955?]
300 _a43 p. ;
_c17 cm.
490 1 _aBiblioteca teatral ;
_v182
500 _aAnteportada ilustrada.
500 _aEn port. : Estrenada en el teatro Infanta Isabel, de Madrid, la noche del 17 de enero de 1919.
500 _aEncuadernado con otros títulos.
597 _aEn el lomo: 174-182.
700 0 _aPérez Fernández, Pedro.
_990862
830 0 _aBiblioteca teatral ;
_v182
_9190120
852 _aES-MaACL
_jE-14129 (182)
_xOlim P-302
999 _c176594
_d176594